[Event "Porto Sant Elpidio op-B 16th"]
[Site "Porto Sant Elpidio"]
[Date "2013.11.23"]
[Round "4"]
[White "Ciarloni, Giuseppe"]
[Black "Splendiani, Sandro"]
[Result "1/2-1/2"]
[WhiteElo "1643"]
[BlackElo "1678"]
[PlyCount "105"]
[EventDate "2013.11.16"]
[EventType "swiss"]
[EventRounds "6"]
[EventCountry "ITA"]
[SourceTitle "EXT 2015"]
[Source "ChessBase"]
[SourceDate "2014.11.20"]
[SourceVersion "1"]
[SourceVersionDate "2014.11.20"]
[SourceQuality "1"]

1. d4 d5 2. c4 e6 3. Nc3 Nf6 4. Nf3 c6 5. cxd5 exd5 6. Bg5 Be7 7. e3 Bf5 8. Nh4 Be6 9. Bd3 0-0 10. Qc2 h6 11. Bxf6 Bxf6 12. Nf5 Bxf5 13. Bxf5 Qd6 14. 0-0 Nd7 15. Rad1 Nb6 16. e4 dxe4 17. Nxe4 Qd8 18. Rd2 Nd5 19. a3 Bg5 20. Rd3 Bf4 21. Nc5 Qc7 22. g3 Bd6 23. Be4 Nf6 24. Bg2 Rfe8 25. b4 Bxc5 26. dxc5 Re7 27. Rfd1 Rae8 28. Kf1 Re2 29. Qb1 Qe5 30. Rd8 Rb2 31. Rxe8+ Nxe8 32. Qd3 Nf6 33. Re1 Qg5 34. h4 Qd2 35. Qxd2 Rxd2 36. Re7 Rd7 37. Rxd7 Nxd7 38. Ke2 Kf8 39. Kd3 Ke7 40. Kc4 Ne5+ 41. Kb3 Kd7 42. a4 Nd3 43. f4 Nc1+ 44. Kc4 Ne2 45. b5 Nxg3 46. Kb4 Nf5 47. Bh3 g6 48. bxc6+ Kxc6 49. Bxf5 gxf5 50. Kc4 b6 51. cxb6 axb6 52. Kd4 f6 53. Kc4 1/2-1/2